000 00723ngm a22003010a 4500
001 PT16763
003 AR-LpoUNG
005 20210202000244.0
007 vd cvaizq
008 191001ss. f||||ag |||||||||||||||||spa d
037 _c$6.66
040 _aAR-LpoUNG
_bspa
_cAR-LpoUNG
_eaacr
041 _aspa
082 0 _a943.086 315V2
245 1 3 _aLa corte de Hitler :
_bfieles y aliados
260 _as.l. :
_bRombo,
_cs. f..
300 _aVHS : son., col.
650 4 _aALEMANIA
650 4 _aAUTORITARISMO
650 4 _aDICTADURA
650 4 _aHISTORIA SOCIAL
650 4 _aNACIONALISMO
650 4 _aSISTEMAS POLITICOS
653 _aDOCUMENTALES
653 _aVIDEOS
905 _a16763
942 _cVIDEO
999 _c54461
_d54461